Classement UFC Featherweight Homme - Statistiques

Statistiques générales
  • Ce quiz a été pris 234 fois
    31 depuis la dernière actualisation
  • Le résultat moyen est 9 sur 16
Statistiques - réponses
Classement Nationalité Combattants % Correct
# 2 🇧🇷 Diego Lopes
100%
CHAMPION 🇦🇺 Alexander Volkanovski
93%
# 1 🇷🇺 Movsar Evloev
89%
# 4 🏴󠁧󠁢󠁥󠁮󠁧󠁿 Lerone Murphy
81%
# 11 🇧🇷 Jean Silva
74%
# 3 🇲🇽 Yair Rodriguez
70%
# 6 🏴󠁧󠁢󠁥󠁮󠁧󠁿 Arnold Allen
63%
# 10 🇺🇲 Josh Emmett
59%
# 5 🇺🇲 Aljamain Sterling
52%
# 9 🇺🇲 Brian Ortega
52%
# 7 🇲🇦 Youssef Zalal
52%
# 14 🇺🇬 David Onama
33%
# 15 🇬🇪 Giga Chikadze
26%
# 13 🇺🇲 Dan Ige
22%
# 12 🇧🇷 Patrício Pitbull
19%
# 8 🇺🇲 Steve Garcia
19%
Aucun quiz correspondant
Distribution des résultats
% des personnes avec chaque résultat
Percentile par nombre de réponses
Votre historique - résultats
Vous n’avez pas pris ce quiz depuis la dernière actualisation